Statystyki dla Każdy Major z CS:GO

Kliknij tutaj aby rozwiązać quiz!

Ogólne statystyki

  • Ten quiz został rozwiązany 56 razy
  • Średni wynik to 15 z 19

Statystyki odpowiedzi

MAJORZwycięzcaFinalista% Poprawnych
Katowice 2014Virtus.proNinjas in Pyjamas
98%
Jongoping 2013FnaticNinjas in Pyjamas
93%
Cologne 2015FnaticEnvy
93%
Katowice 2015FnaticNinjas in Pyjamas
93%
Sztokholm 2021NaViG2
93%
Atalanta 2017AstralisVirtus.pro
91%
Londyn 2018AstralisNaVi
91%
Katowice 2019AstralisENCE
91%
Berlin 2019AstralisAvangar
91%
Antwerpia 2022FaZe ClanNaVi
89%
Cologne 2014Ninjas in PyjamasFnatic
85%
Atalanta/Boston 2018Cloud9FaZe Clan
78%
Cluj-Napoca 2015EnvyNaVi
78%
Kraków 2017GambitImmortals
78%
Rio 2022OutsidersHeroic
67%
Cologne 2016SK GamingTeam Liquid
65%
Paryż 2023Team VitalityGamerLegion
61%
Jongoping 2014Team LDLCNinjas in Pyjamas
50%
Columbus 2016Luminosity GamingNaVi
43%

Rozkład punktacji

Percentyl według liczby udzielonych odpowiedzi

Procent ludzi z każdym wynikiem

Twoja historia wyników

Nie rozwiązałeś tego quizu